Связь электрического отклика с характеристиками упругих волн при ударном возбуждении гетерогенных диэлектрических материалов, содержащих пьезоэлектрические включения; Журнал технической физики; Т. 83, вып. 2

Chi tiết về thư mục
Parent link:Журнал технической физики.— , 1931-
Т. 83, вып. 2.— 2013.— [С. 115-118]
Tác giả chính: Фурса Т. В. Татьяна Викторовна
Nhiều tác giả của công ty: Национальный исследовательский Томский политехнический университет (ТПУ) Институт неразрушающего контроля (ИНК) Проблемная научно-исследовательская лаборатория электроники, диэлектриков и полупроводников (ПНИЛ ЭДиП), Национальный исследовательский Томский политехнический университет (ТПУ) Юргинский технологический институт (филиал) (ЮТИ) Кафедра технологии машиностроения (ТМС)
Tác giả khác: Люкшин Б. А., Уцын Г. Е. Григорий Евгеньевич
Tóm tắt:Заглавие с экрана
Предложена физико-математическая модель электрического отклика на упругое ударное возбуждение пьезосодержащих гетерогенных материалов. С использованием аппарата механики сплошных сред теоретически рассчитаны параметры электрического сигнала при импульсном воздействии на диэлектрический образец, содержащий пьезоэлектрическое включение, и получена сходимость с экспериментальными результатами.
Режим доступа: по договору с организацией-держателем ресурса
Ngôn ngữ:Tiếng Nga
Được phát hành: 2013
Những chủ đề:
Truy cập trực tuyến:http://journals.ioffe.ru/jtf/2013/02/page-115.html.ru
http://elibrary.ru/item.asp?id=20325810
Định dạng: MixedMaterials Điện tử Chương của sách
KOHA link:https://koha.lib.tpu.ru/cgi-bin/koha/opac-detail.pl?biblionumber=642309

MARC

LEADER 00000nla0a2200000 4500
001 642309
005 20250203113805.0
035 |a (RuTPU)RU\TPU\network\7248 
035 |a RU\TPU\network\7247 
090 |a 642309 
100 |a 20150619d2013 k||y0rusy50 ca 
101 0 |a rus 
102 |a RU 
135 |a drcn ---uucaa 
181 0 |a i  
182 0 |a b 
200 1 |a Связь электрического отклика с характеристиками упругих волн при ударном возбуждении гетерогенных диэлектрических материалов, содержащих пьезоэлектрические включения  |d Relation between the electric response and the characteristics of elastic waves under shock excitation of heterogeneous dielectric materials with piezoelectric inclusions  |f Т. В. Фурса, Б. А. Люкшин, Г. Е. Уцын 
203 |a Текст  |c электронный 
300 |a Заглавие с экрана 
320 |a [Библиогр.: с. 118 (20 назв.)] 
330 |a Предложена физико-математическая модель электрического отклика на упругое ударное возбуждение пьезосодержащих гетерогенных материалов. С использованием аппарата механики сплошных сред теоретически рассчитаны параметры электрического сигнала при импульсном воздействии на диэлектрический образец, содержащий пьезоэлектрическое включение, и получена сходимость с экспериментальными результатами. 
333 |a Режим доступа: по договору с организацией-держателем ресурса 
461 |t Журнал технической физики  |d 1931- 
463 |t Т. 83, вып. 2  |v [С. 115-118]  |d 2013 
510 1 |a Relation between the electric response and the characteristics of elastic waves under shock excitation of heterogeneous dielectric materials with piezoelectric inclusions  |z eng 
610 1 |a электронный ресурс 
610 1 |a труды учёных ТПУ 
610 1 |a электрические сигналы 
610 1 |a гетерогенные материалы 
610 1 |a упругие волны 
610 1 |a пьезоэлектрические поля 
610 1 |a диэлектрические образцы 
700 1 |a Фурса  |b Т. В.  |c специалист в области неразрушающего контроля  |c ведущий научный сотрудник Томского политехнического университета, доктор технических наук  |f 1951-  |g Татьяна Викторовна  |3 (RuTPU)RU\TPU\pers\27723 
701 1 |a Люкшин  |b Б. А. 
701 1 |a Уцын  |b Г. Е.  |c специалист в области электротехники  |c инженер-исследователь Томского политехнического университета, кандидат физико-математических наук  |f 1982-  |g Григорий Евгеньевич  |3 (RuTPU)RU\TPU\pers\32187 
712 0 2 |a Национальный исследовательский Томский политехнический университет (ТПУ)  |b Институт неразрушающего контроля (ИНК)  |b Проблемная научно-исследовательская лаборатория электроники, диэлектриков и полупроводников (ПНИЛ ЭДиП)  |3 (RuTPU)RU\TPU\col\19033 
712 0 2 |a Национальный исследовательский Томский политехнический университет (ТПУ)  |b Юргинский технологический институт (филиал) (ЮТИ)  |b Кафедра технологии машиностроения (ТМС)  |3 (RuTPU)RU\TPU\col\18902 
801 2 |a RU  |b 63413507  |c 20150626  |g RCR 
856 4 |u http://journals.ioffe.ru/jtf/2013/02/page-115.html.ru 
856 4 0 |u http://elibrary.ru/item.asp?id=20325810 
942 |c CF